000 00291nam a2200133Ia 4500
008 221030s9999 xx 000 0 und d
041 _aEnglish
082 _a105.23
100 _aB. D. Gupta
245 0 _aMathematical Physics
_cby B. D. Gupta
260 _c0
650 _aB
942 _cBK
999 _c10533
_d10533